000 00290nam a22001337a 4500
008 170803b xxu||||| |||| 00| 0 eng d
020 _a3110122278
041 _ager
080 _a004
100 _a32
101 _aSHK
245 _aSOFTWARE- ZUVERLASSIGKEIT
_cBECKER,G
942 _2udc
_cBK
999 _c22602
_d22602